Häufigste Schreibfehler mit H (Multiple Choice) - Statistiken

Allgemein
  • Dieses Quiz wurde 47 mal gespielt
  • Das Durchschnittsergebnis liegt bei 5 aus 8
Antwortstatistiken
Frage Antwort % Korrekt
Welche Schreibweise ist richtig? Haken
95%
Welche Schreibweise ist richtig? Häkchen
85%
Welche Schreibweise ist richtig? hundertprozentig
83%
Welche Schreibweise ist richtig? hanebüchen
70%
Welche Schreibweise ist richtig? hinters
65%
Welche Schreibweise ist richtig? Hobbys
58%
Welche Schreibweise ist richtig? Hypotenuse
33%
Welche Schreibweise ist richtig? Herzlich willkommen
13%
Keine übereinstimmenden Quizze gefunden
Verteilung der Resultate
Anzahl Personen mit jedem Resultat
Perzentil nach korrekt beantworteten Fragen
Ihre Resultats-Entwicklung
Sie haben dieses Quiz noch nicht gespielt